000 01246nam a22002417a 4500
005 20250206062517.0
008 240827b ||||| |||| 00| 0 eng d
082 _aDPer 155.205 J826 July-September 2019 v. 117 n. 1-3
100 _aMŏtus, René.
_eauthor.
_959161
245 _aKids becoming less alike :
_ba behavioral genetic analysis of developmental increases in personality variance from childhood to adolescence /
_cRené Mõttus, Frank D. Mann, Laura E. Engelhardt, Daniel A. Briley, Anqing Zheng, Jennifer L. Tackett, K. Paige Harden, and Elliot M. Tucker-Drob.
260 _aWashington ;
_b American Psychological Association,
_cSeptember 2019.
300 _avolume 117, pages 635-658,
_billustration.
500 _aJournal of Personality and Social Psychology vol. 117, no. 3, pages 635-658, September 2019.
700 _aMõttus, René.
_eauthor.
_964893
700 _aMann, Frank D.
_eauthor.
_959162
700 _aEngelhardt, Laura E.
_eauthor.
_959163
700 _aBriley, Daniel A.
_eauthor.
_959164
700 _aZheng, Anqing.
_eauthor.
_959165
700 _aTackett, Jennifer L.
_eauthor.
_959166
700 _aHarden, K. Paige.
_eauthor.
_959167
700 _aTucker-Drob, Elliot M.
_eauthor.
_959168
942 _2ddc
_cPER
999 _c20958
_d20958